| 000 | 00732nam a2200193 i 4500 | ||
|---|---|---|---|
| 001 | 40388 | ||
| 003 | ES-MaACL | ||
| 005 | 20250626063138.0 | ||
| 007 | t| | ||
| 008 | 030306s1926 sp ||||1| spa d | ||
| 100 | 1 |
_aCardenal y Pujals, León, _d1878-1960 _935129 |
|
| 245 | 1 | 0 |
_aDiccionario terminológico de ciencias médicas _b: contiene cuantas voces y términos son propios de la medicina, cirugía, farmacia, veterinaria y demás ciencias biológicas / _cdirigido por León Cardenal. |
| 250 | _a[2ª ed.]. | ||
| 260 |
_aBarcelona : _b[s.n., _c1926] ( _fImp. Hispano-Americana) |
||
| 300 |
_a1051 p. ; _c26 cm. |
||
| 650 | 0 | 4 |
_aMedicina- _vDiccionarios. _914897 |
| 852 |
_aES-MaACL _jE-1696 |
||
| 999 |
_c40388 _d40388 |
||